"Stan" Länder - Karten-Quiz - Statistiken

Allgemein
  • Dieses Quiz wurde 49.802 mal gespielt
  • Das Durchschnittsergebnis liegt bei 5 aus 7
Antworten auf der Karte
Die Antworten werden auf der Karte rot bzw. grün angezeigt, abhängig davon wie oft sie richtig erraten wurden.
 
Antwortstatistiken
Antwort % Korrekt
Kasachstan
89%
Pakistan
81%
Afghanistan
76%
Kirgisistan
69%
Tadschikistan
68%
Usbekistan
62%
Turkmenistan
61%
Keine übereinstimmenden Quizze gefunden
Verteilung der Resultate
Anzahl Personen mit jedem Resultat
Perzentil nach korrekt beantworteten Fragen
Ihre Resultats-Entwicklung
Sie haben dieses Quiz noch nicht gespielt